000 00849nam a2200229Ia 4500
003 Ost
005 20260507075737.0
008 260507s9999||||xx |||||||||||||| ||und||
020 _a9957020897
040 _cfsecg
041 _aara
082 _a658.834
100 _aعبده، موفق محمد
_eمؤلف
245 0 _aحماية المستهلك في الفقه الاقتصادي الاسلامي-دراسة مقارنة- /
_c موفق محمد عبده
260 _aعمان:
_bالمجدلاوي,
_c2002
300 _a0 367 صفحة؛
_bإيضاحات ؛
_c24 سم
504 _aالمراجع ص.339
520 _aالاستهلاك،الانتاج،الوسائل التي اتبعها الاسلام لحماية المستهلك
653 _aالمستهلكون
653 _aحماية المستهلك
942 _cكتاب
999 _c46104
_d46104